000 01094nam a2200301 4500
001 0000018424
003 CO-CtgCURN
005 20250329191006.0
007 ta
008 160627s1998 000 0 eng d
020 _a9589514057
040 _aCO-CtgCURN
_bspa
_ccoctgcurn
082 0 _a658
_bA11f
100 1 _aAbad Arango, Dario.
245 1 0 _aFundamentos de la gerencia moderna /
_cDario Abad Arango.
260 _aBogotá :
_bInterconed,
_c1998.
300 _a147 p.
336 _2rdacontent
337 _2rdamedia
_asin mediacion
_bn
338 _2rdacarrier
_avolumen
_bnc
490 1 _aColección empresas y modernidad
500 _aIncluye indice de materias.
505 8 _aLa sociedad empresarial.--El papel de la gerencia.--El nuevo perfil del empresario.--La cultura organizacional.--Control de gestion e indicadores.--Gerencia, tecnología, creatividad y cambio.--Conclusiones gerenciales
650 1 4 _aGestion empresarial
_vControl.
908 _a160627
942 _cBK
_h658
_iA11f
_2ddc
999 _c10499
_d10499